000 00429nam a22001817a 4500
999 _c7186
_d7186
003 OSt
005 20210908162812.0
008 210908b ||||| |||| 00| 0 eng d
020 _a0443061882
040 _cNLM
082 _aWG 100
_bK114e 2002
100 _aKaddoura, Sam
_914778
245 _aEcho Made Easy.
260 _aNew York:
_bElsevier
_c2002
300 _a190p.:
_bill;
_c18
650 _aEcho
_914779
942 _2z
_cBOOK